| 000 | 00818cam a22002531 4500 | ||
|---|---|---|---|
| 001 | 0000004913 | ||
| 005 | 20170406120214.0 | ||
| 008 | 730109s1962 nyua b 000 0 eng | ||
| 010 | _a 62011174 | ||
| 035 | _9(DLC) 62011174 | ||
| 040 |
_aDLC _cDLC _dDLC _dICU |
||
| 050 | 0 | 0 |
_aQD475 _b.D3 |
| 082 | 0 | 0 | _a546 |
| 100 | 1 |
_aDay, Marion Clyde, _d1927-. |
|
| 245 | 1 | 0 |
_aTheoretical inorganic chemistry / _c[by] M. Clyde Day, Jr. [and] Joel Selbin. |
| 260 |
_aNew York : _bReinhold, _c[1962] |
||
| 300 |
_a413 p. : _billus. ; _c24 cm. |
||
| 440 | 0 | _aReinhold physical and inorganic chemistry textbook series | |
| 504 | _aIncludes bibliography. | ||
| 650 | 0 | _aChemistry, Inorganic. | |
| 650 | 0 | _aChemistry, Physical and theoretical. | |
| 700 | 1 |
_aSelbin, Joel, _d1931-, _ejoint author. |
|
| 908 | _a141126 | ||
| 999 |
_c4722 _d4722 |
||